[Event "Mumbai Wealth op 2nd"]
[Site "Mumbai"]
[Date "2016.12.28"]
[Round "3"]
[White "Das, Sayantan"]
[Black "Sradhanjali, Jena"]
[Result "1-0"]
[WhiteElo "2371"]
[BlackElo "1864"]
[PlyCount "48"]
[EventDate "2016.12.26"]
[EventType "swiss"]
[EventRounds "9"]
[EventCountry "IND"]
[SourceTitle "CBM 176 Extra"]
[Source "ChessBase"]
[SourceDate "2017.03.02"]
[SourceVersion "1"]
[SourceVersionDate "2017.03.02"]
[SourceQuality "1"]

1. e4 e6 2. d4 d5 3. Nc3 Bb4 4. exd5 exd5 5. Bd3 Nf6 6. Nge2 0-0 7. 0-0 h6 8. Ng3 Re8 9. h3 Nc6 10. Nce2 Bd6 11. c3 Ne7 12. Nf4 c5 13. Qf3 cxd4 14. cxd4 Nc6 15. Be3 Qb6 16. Rad1 Bd7 17. Ngh5 Nxh5 18. Nxh5 Nb4 19. Bb1 Be7 20. a3 Na6 21. Qxd5 Rad8 22. Qf3 Bg5 23. Qg3 g6 24. Bxg5 Bc8 1-0